[Event "70.Camp. Veneto Quarti di Finale"]
[Site "Nevegal ITA"]
[Date "2010.05.07"]
[Round "1.8"]
[White "De Colle, Camillo"]
[Black "Boscolo, Federico"]
[Result "0-1"]
[WhiteElo "1508"]
[BlackElo "2113"]
[Annotator "Gabriele Ballarin"]
[PlyCount "100"]
[EventDate "2010.05.07"]
[EventType "swiss"]
[EventRounds "5"]
[EventCountry "ITA"]

1. e4 c5 2. c3 Nf6 3. e5 Nd5 4. Nf3 e6 5. Bd3 Nc6 6. Bc2 Qc7 7. Qe2 Nf4 8. Qe4 Ng6 9. d4 cxd4 10. Nxd4 Qxe5 11. O-O Nxd4 12. cxd4 Qxe4 13. Bxe4 d5 14. Bc2 Bd6 15. Nc3 Bd7 16. Be3 O-O 17. g3 b5 18. a3 a5 19. h4 Rfc8 20. Bd3 Rab8 21. h5 Ne7 22. g4 e5 23. dxe5 Bxe5 24. f4 Bxc3 25. bxc3 Rxc3 26. Rfd1 Bxg4 27. Bd4 Bxd1 28. Bxc3 Bxh5 29. Bxa5 Bg6 30. Be2 Nc6 31. Be1 Nd4 32. Bd1 Bc2 33. Bf2 Nb3 34. Bxc2 Nxa1 35. Bd3 b4 36. axb4 Rxb4 37. f5 g6 38. Bc5 Rb3 39. Be2 Nc2 40. Kf2 d4 41. Bd1 d3 42. fxg6 hxg6 43. Be7 Rb1 44. Bxc2 dxc2 45. Bg5 c1=Q 46. Bxc1 Rxc1 47. Kg3 Rc4 48. Kf3 Kg7 49. Kg3 Kf6 50. Kf3 Kf5 0-1

[Event "70.Camp. Veneto Quarti di Finale"]
[Site "Nevegal ITA"]
[Date "2010.05.07"]
[Round "1.9"]
[White "Capraro, Fabio"]
[Black "Barp, Alberto"]
[Result "1-0"]
[WhiteElo "2088"]
[BlackElo "1500"]
[Annotator "Gabriele Ballarin"]
[PlyCount "147"]
[EventDate "2010.05.07"]
[EventType "swiss"]
[EventRounds "5"]
[EventCountry "ITA"]

1. c4 c6 2. Nf3 d5 3. b3 Bf5 4. Bb2 e6 5. d3 Bd6 6. Nbd2 Nd7 7. Qc2 Ngf6 8. e4 dxe4 9. dxe4 Bg6 10. Bd3 Qc7 11. Rc1 c5 12. Qc3 e5 13. O-O O-O 14. Rfe1 Nh5 15. Nf1 Nf4 16. Ne3 Rfe8 17. Rcd1 Nf6 18. Nd5 N6xd5 19. cxd5 Bh5 20. Bf1 a6 21. a4 f6 22. g3 Ng6 23. Rc1 Bg4 24. Nd2 Rac8 25. Nc4 Kh8 26. a5 Qe7 27. Rc2 Nf8 28. Bc1 Rc7 29. f3 Bc8 30. Be3 Nd7 31. Rec1 Rd8 32. Qd2 Kg8 33. Bh3 Kh8 34. Qf2 Nb8 35. Bf1 Nd7 36. Nb6 Kg8 37. b4 c4 38. Rxc4 Rxc4 39. Rxc4 Nxb6 40. Bxb6 Rf8 41. Qc2 Bd7 42. Bc5 Rc8 43. Bxd6 Rxc4 44. Qxc4 Qxd6 45. Kf2 Kf7 46. Ke3 g5 47. Qc3 h5 48. h4 gxh4 49. gxh4 f5 50. Kf2 fxe4 51. fxe4 Qf6+ 52. Qf3 Qxf3+ 53. Kxf3 Ke7 54. Ke3 Kd6 55. Be2 Be8 56. Kd2 Kc7 57. Kc3 Kd6 58. Bd1 Bg6 59. Kd3 Be8 60. Kc4 Bb5+ 61. Kc3 Be8 62. Be2 Ke7 63. b5 axb5 64. Kb4 Kd6 65. Bxb5 Bg6 66. Bd3 Be8 67. Be2 Bg6 68. Bf3 Be8 69. Kc4 Kd7 70. Kb5 Kc7+ 71. Kc5 Bf7 72. Be2 Bg6 73. d6+ Kd7 74. Kd5 1-0

[Event "70.Camp. Veneto Quarti di Finale"]
[Site "Nevegal ITA"]
[Date "2010.05.07"]
[Round "1.10"]
[White "Aprile, Massimo"]
[Black "Solinas, Carlo"]
[Result "1/2-1/2"]
[WhiteElo "1478"]
[BlackElo "2005"]
[Annotator "Gabriele Ballarin"]
[PlyCount "80"]
[EventDate "2010.05.07"]
[EventType "swiss"]
[EventRounds "5"]
[EventCountry "ITA"]

1. d4 Nf6 2. Nf3 g6 3. c3 Bg7 4. e3 O-O 5. Bd3 d5 6. Nbd2 b6 7. Qc2 Bb7 8. O-O Nbd7 9. Re1 c5 10. h3 Rc8 11. Nf1 c4 12. Be2 Ne4 13. N1d2 Ndf6 14. Nh2 Qd6 15. Ng4 Nxg4 16. Bxg4 f5 17. Be2 Bf6 18. Nxe4 fxe4 19. Rf1 Rc7 20. Bg4 h5 21. Be2 Bc8 22. f4 exf3 23. Qxg6+ Bg7 24. Qxd6 exd6 25. Bxf3 Be6 26. Bxh5 Rxf1+ 27. Kxf1 Bh6 28. Ke2 b5 29. a3 Rg7 30. g4 Bd7 31. Bd2 Re7 32. Rf1 Bg5 33. Bg6 Kg7 34. Bf5 Be8 35. Rf3 a5 36. Be1 b4 37. cxb4 Bf6 38. Bc3 axb4 39. axb4 Ba4 40. Kf2 Bd1 1/2-1/2

[Event "70.Camp. Veneto Quarti di Finale"]
[Site "Nevegal ITA"]
[Date "2010.05.07"]
[Round "1.11"]
[White "Lorusso, Giuseppe"]
[Black "Vomiero, Luciano"]
[Result "1-0"]
[WhiteElo "1992"]
[BlackElo "1464"]
[Annotator "Gabriele Ballarin"]
[PlyCount "81"]
[EventDate "2010.05.07"]
[EventType "swiss"]
[EventRounds "5"]
[EventCountry "ITA"]

1. d4 d5 2. c4 e6 3. Nc3 Nf6 4. Bg5 Be7 5. Nf3 Nc6 6. e3 a6 7. Rc1 O-O 8. a3 h6 9. Bh4 g5 10. Bg3 Bd6 11. Ne5 Bxe5 12. dxe5 Ne4 13. Qh5 Kg7 14. f3 Nxc3 15. Rxc3 d4 16. Rd3 Qd7 17. h4 Qe7 18. hxg5 Qxg5 19. Qxg5+ hxg5 20. exd4 b6 21. f4 f6 22. exf6+ Kxf6 23. fxg5+ Kxg5 24. Bxc7 Bb7 25. Rg3+ Kf6 26. Rh6+ Kf7 27. Rh7+ Kf6 28. Be5+ Nxe5 29. dxe5+ Kxe5 30. Rxb7 Rf4 31. Re3+ Re4 32. Rxe4+ Kxe4 33. Rxb6 e5 34. c5 Ke3 35. Bxa6 Rh8 36. Rb3+ Kd4 37. c6 Rh6 38. Rd3+ Ke4 39. Rc3 Rh1+ 40. Bf1 Rh8 41. c7 1-0

[Event "70.Camp. Veneto Quarti di Finale"]
[Site "Nevegal ITA"]
[Date "2010.05.07"]
[Round "1.12"]
[White "Pasa, Giovanni"]
[Black "Tomio, Dante"]
[Result "0-1"]
[WhiteElo "1443"]
[BlackElo "1978"]
[Annotator "Gabriele Ballarin"]
[PlyCount "80"]
[EventDate "2010.05.07"]
[EventType "swiss"]
[EventRounds "5"]
[EventCountry "ITA"]

1. Nf3 d5 2. g3 Nf6 3. Bg2 c6 4. O-O Nbd7 5. d3 e5 6. Nbd2 Be7 7. e4 dxe4 8. dxe4 O-O 9. Qe2 Re8 10. Nc4 Qc7 11. Rd1 b5 12. Ncd2 Bb7 13. c4 a6 14. Nb3 Rad8 15. Bd2 b4 16. Nh4 a5 17. a4 c5 18. Nf5 Bf8 19. g4 Nb8 20. g5 Nfd7 21. Re1 Nc6 22. Qh5 Nb6 23. Re3 g6 24. Nh6+ Bxh6 25. Qxh6 Nd7 26. Rd1 Nd4 27. Bc1 Nf8 28. Rd2 Nxb3 29. Rxb3 Bc6 30. Rbd3 Rxd3 31. Rxd3 Bxa4 32. b3 Bc6 33. Bb2 Qb7 34. f3 a4 35. bxa4 Qa6 36. Bh3 Qxc4 37. Rd8 Rxd8 38. Bxe5 Rd1+ 39. Kg2 Qe2+ 40. Kg3 Rg1+ 0-1

[Event "70.Camp. Veneto Quarti di Finale"]
[Site "Nevegal ITA"]
[Date "2010.05.07"]
[Round "1.13"]
[White "Scali, Fausto"]
[Black "Barp, Denis"]
[Result "0-1"]
[WhiteElo "1974"]
[BlackElo "1440"]
[Annotator "Gabriele Ballarin"]
[PlyCount "122"]
[EventDate "2010.05.07"]
[EventType "swiss"]
[EventRounds "5"]
[EventCountry "ITA"]

1. e4 c6 2. d4 d5 3. Nd2 Nf6 4. e5 Nfd7 5. Ngf3 e6 6. Bd3 c5 7. c3 Nc6 8. O-O Qb6 9. dxc5 Bxc5 10. Qe2 Qc7 11. Re1 a6 12. Nb3 Ba7 13. Bf4 b5 14. a4 b4 15. cxb4 Nxb4 16. Rac1 Qb6 17. Bb1 Nc6 18. Rc3 Bb7 19. Be3 Qb4 20. Bxa7 Rxa7 21. Qe3 Ra8 22. Rec1 Qxa4 23. Nc5 Nxc5 24. Qxc5 Qb4 25. Qxb4 Nxb4 26. Rc7 Rb8 27. Rxb7 Rxb7 28. Rc8+ Ke7 29. Rxh8 Rc7 30. g4 Rc1+ 31. Kg2 Rxb1 32. Rxh7 Rxb2 33. Rxg7 Nd3 34. Ng5 Rxf2+ 35. Kg3 Rf1 36. h4 Nxe5 37. h5 Kf6 38. h6 Rg1+ 39. Kf2 Rxg4 40. Rg8 Rh4 41. h7 Ng6 42. Nf3 Rxh7 43. Ra8 Ne5 44. Nd4 Rh2+ 45. Ke3 a5 46. Kf4 Nc4 47. Nc6 Ra2 48. Ra6 Ra4 49. Kf3 Ne5+ 50. Ke2 Nxc6 51. Rxc6 Re4+ 52. Kd3 Ke5 53. Ra6 a4 54. Ra7 f5 55. Ra8 f4 56. Ra7 Re3+ 57. Kd2 a3 58. Ra5 Ke4 59. Ra4+ d4 60. Ra5 e5 61. Ra4 f3 0-1

[Event "70.Camp. Veneto Quarti di Finale"]
[Site "Nevegal ITA"]
[Date "2010.05.07"]
[Round "1.14"]
[White "Capraro, Michele"]
[Black "Castellano, Alfonso"]
[Result "0-1"]
[WhiteElo "1440"]
[BlackElo "1939"]
[Annotator "Gabriele Ballarin"]
[PlyCount "72"]
[EventDate "2010.05.07"]
[EventType "swiss"]
[EventRounds "5"]
[EventCountry "ITA"]

1. e4 c5 2. Nf3 d6 3. d4 cxd4 4. Nxd4 Nf6 5. Nc3 a6 6. Be2 e5 7. Nf3 h6 8. Nd5 Nxe4 9. Be3 Qa5+ 10. c3 Nd7 11. O-O Nef6 12. Bc4 b5 13. b4 Qd8 14. Bb3 Bb7 15. a4 Qc8 16. Qd3 e4 17. Qd4 exf3 18. gxf3 Nxd5 19. Bxd5 Nf6 20. Bxb7 Qxb7 21. Qd1 Be7 22. Bf4 O-O 23. Qd3 Rac8 24. Rac1 Nd5 25. Bg3 Bf6 26. Bxd6 Rfd8 27. Bc5 Nxc3 28. Qe3 Re8 29. Rxc3 Rxe3 30. Rxe3 bxa4 31. Rfe1 Qd7 32. Kg2 a5 33. Kg3 Qb5 34. Rb1 Rxc5 35. bxc5 Qxb1 36. Rc3 Bxc3 0-1

[Event "70.Camp. Veneto Quarti di Finale"]
[Site "Nevegal ITA"]
[Date "2010.05.07"]
[Round "1.15"]
[White "Velluti, Alberto"]
[Black "Cirino, Gaetano"]
[Result "1-0"]
[WhiteElo "1932"]
[BlackElo "1440"]
[Annotator "Gabriele Ballarin"]
[PlyCount "69"]
[EventDate "2010.05.07"]
[EventType "swiss"]
[EventRounds "5"]
[EventCountry "ITA"]

1. e4 d5 2. exd5 Qxd5 3. Nc3 Qa5 4. d4 Nf6 5. Bc4 Bg4 6. f3 Bf5 7. Nge2 e6 8. O-O Nbd7 9. Be3 Be7 10. Bd3 Bg6 11. Ne4 O-O 12. c4 c5 13. a3 Qc7 14. N2c3 a6 15. d5 exd5 16. Nxd5 Nxd5 17. cxd5 Nb6 18. d6 Bxd6 19. Nxd6 Bxd3 20. Qxd3 Rad8 21. Rad1 Nc8 22. Bf4 Qc6 23. Nxc8 Qxc8 24. Qc2 b6 25. Be5 Rde8 26. Bd6 c4 27. Bxf8 Kxf8 28. Qxh7 f6 29. Qh8+ Kf7 30. Qh5+ Kg8 31. Rfe1 Rf8 32. Re7 c3 33. Rdd7 Qxd7 34. Rxd7 cxb2 35. Qg6 1-0

[Event "70.Camp. Veneto Quarti di Finale"]
[Site "Nevegal ITA"]
[Date "2010.05.07"]
[Round "1.16"]
[White "Dal Farra, Nicola"]
[Black "Buzzatti, Francesco"]
[Result "0-1"]
[WhiteElo "1440"]
[BlackElo "1918"]
[Annotator "Gabriele Ballarin"]
[PlyCount "48"]
[EventDate "2010.05.07"]
[EventType "swiss"]
[EventRounds "5"]
[EventCountry "ITA"]

1. d4 g6 2. Nf3 Bg7 3. Be3 c5 4. d5 Bxb2 5. Na3 Bxa1 6. Qxa1 Nf6 7. Bxc5 Qa5+ 8. c3 Qxc5 9. Qb2 O-O 10. e4 Nxe4 11. Bd3 Qxc3+ 12. Qxc3 Nxc3 13. Bc4 b5 14. Nxb5 Nxb5 15. Bxb5 Ba6 16. Bxa6 Nxa6 17. O-O d6 18. a4 Nb4 19. Rb1 Nxd5 20. a5 Rab8 21. Rxb8 Rxb8 22. Nd4 Rc8 23. Nb5 a6 24. Na7 Rc1# 0-1

[Event "70.Camp. Veneto Quarti di Finale"]
[Site "Nevegal ITA"]
[Date "2010.05.07"]
[Round "1.17"]
[White "Rossi, Gianni"]
[Black "Piazzetta, Mattia"]
[Result "1-0"]
[WhiteElo "1886"]
[BlackElo "1440"]
[Annotator "Gabriele Ballarin"]
[PlyCount "67"]
[EventDate "2010.05.07"]
[EventType "swiss"]
[EventRounds "5"]
[EventCountry "ITA"]

1. d4 Nc6 2. d5 Nb4 3. a3 Na6 4. e4 e6 5. Nf3 Bc5 6. b4 Be7 7. Bb2 Nf6 8. Bd3 d6 9. c4 c6 10. Nc3 Nc7 11. O-O e5 12. Ne2 Bg4 13. Ng3 Nh5 14. Nxh5 Bxh5 15. Be2 Bf6 16. c5 b6 17. dxc6 bxc5 18. bxc5 dxc5 19. Qc2 Ne6 20. c7 Qxc7 21. Bb5+ Kf8 22. Be2 g6 23. h3 Ng5 24. Nxg5 Bxg5 25. g4 Bf4 26. gxh5 Kg7 27. Rad1 Rad8 28. Rd5 Rxd5 29. exd5 Rd8 30. Qe4 Qb7 31. Bxe5+ Bxe5 32. Qxe5+ Kg8 33. h6 Rxd5 34. Qg7# 1-0

[Event "70.Camp. Veneto Quarti di Finale"]
[Site "Nevegal ITA"]
[Date "2010.05.07"]
[Round "1.18"]
[White "Mario, Roberto"]
[Black "Franco, Alessandro P"]
[Result "0-1"]
[WhiteElo "1435"]
[BlackElo "1843"]
[Annotator "Gabriele Ballarin"]
[PlyCount "138"]
[EventDate "2010.05.07"]
[EventType "swiss"]
[EventRounds "5"]
[EventCountry "ITA"]

1. e4 c5 2. Nf3 d6 3. d4 cxd4 4. Nxd4 Nf6 5. Nc3 g6 6. Bb5+ Nbd7 7. O-O Bg7 8. Re1 O-O 9. Nb3 a6 10. Bd3 b5 11. Ne2 Bb7 12. Ng3 Ne5 13. c3 Rc8 14. Bc2 Qc7 15. a3 a5 16. Bb1 Nc4 17. Nd2 d5 18. exd5 Rfd8 19. Nxc4 bxc4 20. Be3 Nxd5 21. Qc1 f5 22. Bh6 Be5 23. Bxf5 gxf5 24. Qg5+ Kh8 25. Qxf5 Bxg3 26. hxg3 Rd6 27. Qe5+ Rf6 28. Qxc7 Rxc7 29. Bg5 Rb6 30. Re2 Kg7 31. Rae1 Kf7 32. Bc1 Rcc6 33. Re5 Re6 34. Rf5+ Kg6 35. Rg5+ Kf6 36. Kf1 Rxe1+ 37. Kxe1 a4 38. Rg4 Re6+ 39. Kf1 Nb6 40. Rh4 Be4 41. Rf4+ Ke5 42. Rh4 Kd6 43. Bf4+ Kc6 44. Be3 Nd5 45. Bd4 Bd3+ 46. Kg1 Re1+ 47. Kh2 Rb1 48. Rh6+ Kd7 49. Ra6 Bc2 50. Ra7+ Kc6 51. Ra6+ Kb5 52. Ra7 Bb3 53. Rd7 Kc6 54. Rd8 Rxb2 55. Rh8 Ra2 56. Rxh7 Rxa3 57. g4 Bc2 58. Rh6+ Kd7 59. g5 Nf4 60. Ra6 Ra1 61. Ra7+ Ke6 62. Rc7 Bb3 63. g3 Ne2 64. g6 Nxd4 65. g7 Kf7 66. Rxe7+ Kg8 67. cxd4 c3 68. d5 c2 69. d6 c1=Q 0-1

[Event "70.Camp. Veneto Quarti di Finale"]
[Site "Nevegal ITA"]
[Date "2010.05.07"]
[Round "1.19"]
[White "Aprile, Martino"]
[Black "Della Vecchia, Vincenzino"]
[Result "1/2-1/2"]
[WhiteElo "1841"]
[BlackElo "1515"]
[Annotator "Gabriele Ballarin"]
[PlyCount "106"]
[EventDate "2010.05.07"]
[EventType "swiss"]
[EventRounds "5"]
[EventCountry "ITA"]

1. e4 d5 2. exd5 Qxd5 3. Nc3 Qa5 4. d4 Nf6 5. Nf3 Bg4 6. Be2 c6 7. Ne5 Bxe2 8. Qxe2 e6 9. O-O Be7 10. Nc4 Qh5 11. Bf4 Qxe2 12. Nxe2 O-O 13. Nd6 Bxd6 14. Bxd6 Re8 15. f3 Nbd7 16. Ng3 Rac8 17. Ne4 Nxe4 18. fxe4 Nf6 19. e5 Ne4 20. Ba3 Nd2 21. Rf2 Nc4 22. Rf3 Nxa3 23. Rxa3 Ra8 24. Rf1 Red8 25. Raf3 Rd7 26. h3 Rf8 27. c3 g6 28. b4 b5 29. g4 Kg7 30. h4 Rh8 31. a4 a6 32. axb5 cxb5 33. h5 g5 34. h6+ Kf8 35. Rf6 Re7 36. Ra1 Ra7 37. d5 Rg8 38. dxe6 Rg6 39. Raf1 Rxf6 40. Rxf6 Re7 41. exf7 Rxe5 42. Rxa6 Kxf7 43. Kf2 Re4 44. Rb6 Rxg4 45. Rxb5 Kg6 46. Rb6+ Kh5 47. Rc6 Rf4+ 48. Kg3 Rg4+ 49. Kf3 Rf4+ 50. Ke3 Rf7 51. b5 g4 52. Rc4 g3 53. Rc5+ Kh4 1/2-1/2

[Event "70.Camp. Veneto Quarti di Finale"]
[Site "Nevegal ITA"]
[Date "2010.05.08"]
[Round "2.1"]
[White "Tomio, Dante"]
[Black "Genocchio, Daniele"]
[Result "0-1"]
[WhiteElo "1978"]
[BlackElo "2438"]
[Annotator "Gabriele Ballarin"]
[PlyCount "37"]
[EventDate "2010.05.07"]
[EventType "swiss"]
[EventRounds "5"]
[EventCountry "ITA"]

1. d4 Nf6 2. Nf3 c5 3. c3 e6 4. Bg5 h6 5. Bf4 b6 6. e3 Nh5 7. Bg3 Be7 8. Bd3 O-O 9. Nbd2 Nc6 10. Qe2 f5 11. Nc4 Nxg3 12. hxg3 d6 13. Nh4 Qe8 14. f4 b5 15. Nd2 Rb8 16. dxc5 b4 17. cxd6 Bxd6 18. c4 e5 19. c5 {Nur} 0-1

[Event "70.Camp. Veneto Quarti di Finale"]
[Site "Nevegal ITA"]
[Date "2010.05.08"]
[Round "2.2"]
[White "Bontempi, Piero"]
[Black "Lorusso, Giuseppe"]
[Result "1-0"]
[WhiteElo "2356"]
[BlackElo "1992"]
[Annotator "Gabriele Ballarin"]
[PlyCount "49"]
[EventDate "2010.05.07"]
[EventType "swiss"]
[EventRounds "5"]
[EventCountry "ITA"]

1. e4 c5 2. c3 d5 3. exd5 Qxd5 4. Na3 Nf6 5. Nf3 e6 6. Bc4 Qd8 7. Nc2 Be7 8. d4 O-O 9. Bf4 Nc6 10. O-O b6 11. Re1 Bb7 12. Qe2 Nd5 13. Bg3 Re8 14. Rad1 cxd4 15. Ncxd4 Nxd4 16. Nxd4 Bd6 17. Bb5 Bxg3 18. hxg3 Rf8 19. c4 Nc7 20. Nxe6 Nxe6 21. Rxd8 Raxd8 22. b4 Rd6 23. c5 bxc5 24. bxc5 Nxc5 25. Qe7 1-0

[Event "70.Camp. Veneto Quarti di Finale"]
[Site "Nevegal ITA"]
[Date "2010.05.08"]
[Round "2.3"]
[White "Castellano, Alfonso"]
[Black "Luciani, Valerio"]
[Result "0-1"]
[WhiteElo "1939"]
[BlackElo "2213"]
[Annotator "Gabriele Ballarin"]
[PlyCount "78"]
[EventDate "2010.05.07"]
[EventType "swiss"]
[EventRounds "5"]
[EventCountry "ITA"]

{[%evp 0,76,16,-24,-2,-50,-32,-33,-39,-60,-34,-33,4,0,8,2,-7,-7,2,-27,-15,-15,-17,-41,-20,-44,-24,-45,-17,-9,8,5,-12,-15,1,-32,-20,-25,-12,-24,13,-15,-10,-17,-18,-15,-29,-31,-16,-19,-31,-39,6,-32,-37,-51,-47,-65,-65,-53,-53,-93,-46,-55,-55,-94,-38,-135,-14,-14,-14,-245,-265,-259,-259,-264,-264,-1311,-1363]} 1. c4 e5 2. g3 Nf6 3. Bg2 d5 4. cxd5 Nxd5 5. Nc3 Nb6 6. Nf3 Nc6 7. O-O Be7 8. d3 O-O 9. Ne1 Be6 10. Nc2 Qd7 11. Ne3 Rab8 12. f4 f6 13. f5 Bf7 14. Bd2 Nd4 15. Ne4 c6 16. g4 Nd5 17. Nxd5 cxd5 18. Nc3 Rfd8 19. Rc1 b5 20. e3 Nc6 21. Ne2 Nb4 22. Bxb4 Bxb4 23. d4 Ba5 24. Qd3 Bb6 25. b4 Qd6 26. Qd2 Rbc8 27. Rxc8 Rxc8 28. Rc1 Rc4 29. a3 Bc7 30. h3 g5 31. Rxc4 dxc4 32. Nc3 exd4 33. Qxd4 Qxd4 34. exd4 Bb6 35. Nxb5 a6 36. Nd6 Bxd4+ 37. Kf1 c3 38. Nxf7 c2 39. Nh6+ Kg7 0-1

[Event "70.Camp. Veneto Quarti di Finale"]
[Site "Nevegal ITA"]
[Date "2010.05.08"]
[Round "2.4"]
[White "Xia, Jie"]
[Black "Velluti, Alberto"]
[Result "1/2-1/2"]
[WhiteElo "2198"]
[BlackElo "1932"]
[Annotator "Gabriele Ballarin"]
[PlyCount "79"]
[EventDate "2010.05.07"]
[EventType "swiss"]
[EventRounds "5"]
[EventCountry "ITA"]

1. e4 e5 2. Nf3 Nc6 3. Bb5 a6 4. Ba4 Nf6 5. O-O Be7 6. d3 d6 7. c3 Bg4 8. Nbd2 O-O 9. h3 Bh5 10. Re1 Nd7 11. Nf1 Bh4 12. Ne3 Bg5 13. Nf5 Bxc1 14. Rxc1 Nc5 15. Bxc6 bxc6 16. d4 Nd7 17. g4 Bg6 18. Qa4 Rb8 19. b3 exd4 20. cxd4 c5 21. Qxa6 cxd4 22. N3xd4 Ne5 23. Qe2 Bxf5 24. Nxf5 g6 25. Ng3 Qf6 26. Kg2 c5 27. Qe3 Ra8 28. Rc2 Nc6 29. Rd2 Nb4 30. a4 Rfc8 31. Red1 Ra6 32. Rxd6 Rxd6 33. e5 Qxf2+ 34. Kxf2 Rxd1 35. Qh6 Rd4 36. Qg5 Re8 37. Nf5 Nd3+ 38. Kg3 Rxe5 39. h4 f6 40. Qxf6 1/2-1/2

[Event "70.Camp. Veneto Quarti di Finale"]
[Site "Nevegal ITA"]
[Date "2010.05.08"]
[Round "2.5"]
[White "Buzzatti, Francesco"]
[Black "Vianello, Enrico"]
[Result "0-1"]
[WhiteElo "1918"]
[BlackElo "2188"]
[Annotator "Gabriele Ballarin"]
[PlyCount "86"]
[EventDate "2010.05.07"]
[EventType "swiss"]
[EventRounds "5"]
[EventCountry "ITA"]

1. d4 d6 2. c4 g6 3. Nc3 Bg7 4. e4 c6 5. Be3 e5 6. d5 c5 7. Bd3 Bh6 8. Qd2 Bxe3 9. Qxe3 a6 10. Nge2 Nd7 11. O-O Kf8 12. f4 exf4 13. Nxf4 Kg7 14. Rf2 Ngf6 15. Raf1 Rf8 16. h3 Qe7 17. Nce2 Ne5 18. Ng3 Bd7 19. Be2 Rae8 20. b3 b5 21. cxb5 axb5 22. Nfh5+ Nxh5 23. Bxh5 Ra8 24. Bd1 b4 25. h4 Qxh4 26. Nf5+ gxf5 27. exf5 Kh8 28. Rf4 Qf6 29. g4 Rg8 30. Qh3 Rxa2 31. R1f2 Rxf2 32. Rxf2 h6 33. Rh2 Kh7 34. Kh1 Bb5 35. Qh5 Bd3 36. Ra2 Be4+ 37. Kh2 Bxd5 38. Ra7 Rg7 39. Rc7 Bf3 40. g5 Rxg5 41. Rxf7+ Rg7 42. Rxg7+ Kxg7 43. Bxf3 Qg5 0-1

[Event "70.Camp. Veneto Quarti di Finale"]
[Site "Nevegal ITA"]
[Date "2010.05.08"]
[Round "2.6"]
[White "Rotoni, Matteo"]
[Black "Rossi, Gianni"]
[Result "1-0"]
[WhiteElo "2142"]
[BlackElo "1886"]
[Annotator "Gabriele Ballarin"]
[PlyCount "67"]
[EventDate "2010.05.07"]
[EventType "swiss"]
[EventRounds "5"]
[EventCountry "ITA"]

1. e4 Nf6 2. d3 e5 3. Nf3 d6 4. c3 c6 5. Nbd2 Bg4 6. Qc2 Be7 7. Be2 Nbd7 8. Nf1 O-O 9. Ne3 Be6 10. O-O d5 11. Ng5 dxe4 12. Nxe6 fxe6 13. dxe4 Nc5 14. Nc4 Ncxe4 15. Nxe5 Qc7 16. Nf3 e5 17. Bd3 Nc5 18. Bc4+ Kh8 19. b4 b5 20. Be2 Ne6 21. g3 Nd5 22. Nd2 Ng5 23. Bg4 e4 24. h4 Ne3 25. Qb1 Nxg4 26. hxg5 e3 27. Ne4 exf2+ 28. Kg2 Bd6 29. Qd3 Rad8 30. Qe2 Ne5 31. Bf4 Nc4 32. Nxd6 Nxd6 33. Rad1 Rfe8 34. Bxd6 1-0

[Event "70.Camp. Veneto Quarti di Finale"]
[Site "Nevegal ITA"]
[Date "2010.05.08"]
[Round "2.7"]
[White "Franco, Alessandro P"]
[Black "Pastres, Roberto"]
[Result "0-1"]
[WhiteElo "1843"]
[BlackElo "2128"]
[Annotator "Gabriele Ballarin"]
[PlyCount "62"]
[EventDate "2010.05.07"]
[EventType "swiss"]
[EventRounds "5"]
[EventCountry "ITA"]

1. e4 c5 2. Nf3 Nc6 3. d4 cxd4 4. Nxd4 Qb6 5. Nf3 e6 6. Nc3 a6 7. Bd3 Qc7 8. Qe2 d6 9. Be3 b5 10. O-O-O Be7 11. g4 Nf6 12. Rhg1 Qa5 13. g5 Nd7 14. Nd2 Bb7 15. f4 Rc8 16. f5 Nde5 17. Nb3 Qc7 18. Qh5 g6 19. Qh3 Nb4 20. Bd4 Nexd3+ 21. cxd3 e5 22. fxg6 fxg6 23. Bxe5 dxe5 24. Kd2 Qd7 25. Qe3 O-O 26. a3 Rf2+ 27. Ke1 Nc2+ 28. Kxf2 Nxe3 29. Kxe3 Qd8 30. h4 Qb6+ 31. Ke2 Bxa3 0-1

[Event "70.Camp. Veneto Quarti di Finale"]
[Site "Nevegal ITA"]
[Date "2010.05.08"]
[Round "2.8"]
[White "Boscolo, Federico"]
[Black "Rossi, Aldo V"]
[Result "1-0"]
[WhiteElo "2113"]
[BlackElo "1392"]
[Annotator "Gabriele Ballarin"]
[PlyCount "91"]
[EventDate "2010.05.07"]
[EventType "swiss"]
[EventRounds "5"]
[EventCountry "ITA"]

1. e4 c5 2. Nf3 d6 3. d4 cxd4 4. Nxd4 Nf6 5. Nc3 a6 6. f3 e6 7. Be3 Be7 8. Qd2 Nc6 9. g4 Nxd4 10. Bxd4 b5 11. h4 e5 12. Be3 h5 13. g5 Nd7 14. Nd5 g6 15. O-O-O Bb7 16. Nxe7 Qxe7 17. Qxd6 Qxd6 18. Rxd6 O-O-O 19. Bh3 Kc7 20. Rhd1 Bc6 21. Bxd7 Rxd7 22. Bb6+ Kxb6 23. Rxd7 Bxd7 24. Rxd7 Rf8 25. Rd6+ Kb7 26. Rf6 a5 27. c3 Kc7 28. Kc2 Kd7 29. Ra6 a4 30. Rb6 Kc7 31. Rxb5 f6 32. gxf6 Rxf6 33. Rxe5 Rxf3 34. Re7+ Kd6 35. Rg7 Rg3 36. b4 axb3+ 37. axb3 Ke5 38. b4 Kxe4 39. b5 Kf5 40. b6 Re3 41. b7 Re8 42. c4 Kf6 43. Rc7 Rb8 44. c5 Ke6 45. c6 Kd6 46. Rc8 1-0

[Event "70.Camp. Veneto Quarti di Finale"]
[Site "Nevegal ITA"]
[Date "2010.05.08"]
[Round "2.9"]
[White "Barp, Denis"]
[Black "Capraro, Fabio"]
[Result "0-1"]
[WhiteElo "1440"]
[BlackElo "2088"]
[Annotator "Gabriele Ballarin"]
[PlyCount "144"]
[EventDate "2010.05.07"]
[EventType "swiss"]
[EventRounds "5"]
[EventCountry "ITA"]

1. d4 Nf6 2. c4 e6 3. Nc3 Bb4 4. a3 Bxc3+ 5. bxc3 O-O 6. Nf3 b6 7. Bg5 h6 8. Bh4 g5 9. Nxg5 hxg5 10. Bxg5 Bb7 11. d5 d6 12. Qd3 Kg7 13. Qe3 Rh8 14. dxe6 Qe7 15. Bh4 fxe6 16. Qf4 Nbd7 17. e3 e5 18. Qf5 Be4 19. Qxe4 Nxe4 20. Bxe7 Rae8 21. f3 Ng3 22. Rg1 Nxf1 23. Kxf1 Rxe7 24. h3 Nc5 25. a4 a5 26. Ke2 Rh4 27. e4 Kf6 28. Rh1 Reh7 29. Ke3 Kg5 30. Ra2 Kf6 31. Rh2 Ne6 32. Ra1 R4h6 33. Rah1 Nf4 34. Rg1 Ke6 35. Rgh1 {=} Kd7 36. Rb1 Kc6 37. Rb5 Rg7 38. Kf2 Nd3+ 39. Kf1 Nc5 40. g4 Nxa4 41. Rb3 Nc5 42. Rb1 Nd3 43. h4 Rgh7 44. h5 Nf4 45. Rb5 Rh8 46. Kf2 Nxh5 47. gxh5 Rxh5 48. Rg2 Rh1 49. Rg6 R8h2+ 50. Ke3 Re1+ 51. Kd3 Kb7 52. c5 dxc5 53. Rb3 Rf1 54. Rf6 Rff2 55. Kc4 Rh3 56. Kd5 Rfxf3 57. Rxf3 Rxf3 58. Kxe5 Kc6 59. Ke6 Re3 60. e5 c4 61. Ra3 Kc5 62. Kd7 Rxe5 63. Kxc7 Re7+ 64. Kd8 Ra7 65. Ra1 a4 66. Rh1 a3 67. Rh5+ Kc6 68. Rh6+ Kb5 69. Rh5+ Ka4 70. Kc8 a2 71. Rh1 Kb3 72. Kb8 a1=Q 0-1

[Event "70.Camp. Veneto Quarti di Finale"]
[Site "Nevegal ITA"]
[Date "2010.05.08"]
[Round "2.10"]
[White "Solinas, Carlo"]
[Black "Aprile, Martino"]
[Result "1-0"]
[WhiteElo "2005"]
[BlackElo "1841"]
[Annotator "Gabriele Ballarin"]
[PlyCount "45"]
[EventDate "2010.05.07"]
[EventType "swiss"]
[EventRounds "5"]
[EventCountry "ITA"]

1. e4 d5 2. exd5 Qxd5 3. Nc3 Qa5 4. b4 Qxb4 5. Rb1 Qd6 6. d4 c6 7. Nf3 Nf6 8. Bd3 Qc7 9. O-O Bg4 10. h3 Bh5 11. g4 Bg6 12. Ne5 e6 13. Bf4 Bd6 14. Qf3 Nbd7 15. Nxg6 hxg6 16. Bxd6 Qxd6 17. Rxb7 Qxd4 18. Ne4 c5 19. Nxf6+ Nxf6 20. Qc6+ Kf8 21. Qc7 Nd7 22. Qxd7 Qf4 23. Bf5 1-0

[Event "70.Camp. Veneto Quarti di Finale"]
[Site "Nevegal ITA"]
[Date "2010.05.08"]
[Round "2.11"]
[White "Della Vecchia, Vincenzino"]
[Black "Aprile, Massimo"]
[Result "1/2-1/2"]
[WhiteElo "1515"]
[BlackElo "1478"]
[Annotator "Gabriele Ballarin"]
[PlyCount "43"]
[EventDate "2010.05.07"]
[EventType "swiss"]
[EventRounds "5"]
[EventCountry "ITA"]

1. e4 e6 2. d4 d5 3. Nc3 Bb4 4. e5 Ne7 5. a3 Bxc3+ 6. bxc3 b6 7. Qg4 Ng6 8. Bb5+ c6 9. Bd3 Ba6 10. Ne2 Bxd3 11. cxd3 Qh4 12. Qf3 Nd7 13. Bf4 Nxf4 14. Nxf4 Qe7 15. Qh3 c5 16. O-O cxd4 17. cxd4 O-O 18. Ne2 Rac8 19. Qe3 Rc2 20. Rfc1 Rfc8 21. Rxc2 Rxc2 22. Rc1 1/2-1/2